01816cam a2200361 a 4500001001300000003000600013005001700019008004100036010001600077015001400093020001500107020002200122035003700144040006100181050001600242082001800258084001500276084001500291245009300306260004400399300002700443490002500470504006600495505067800561650002501239650002801264650002901292650002301321650004301344700002001387700002201407830002501429ocm25508561 OCoLC20241101132003.0920225s1992 enk b 000 0 eng  a 92004869 aGB93-2126 a0415069262 a0415069270 (pbk.) a(OCoLC)25508561z(OCoLC)27430204 aDLCcLOCdWEAdUKMdBAKERdNLGGCdBTCTAdLVBdYDXCPdU6G00aPN 4756/ETH00a174/.9097220 a08.382bcl a05.022bcl00aEthical issues in journalism and the media /cedited by Andrew Belsey and Ruth Chadwick. aLondon ;aNew York :bRoutledge,c1992. axiii, 179 p. ;c22 cm.1 aProfessional ethics. aIncludes bibliographical references (p. [171]-174) and index.0 aEthics and politics of the media : the quest for quality / Andrew Belsey and Ruth Chadwick -- Journalism in the market place / John O'Neill -- Owners, editors and journalists / Bruce Hanlin -- Freedom of speech, the media and the law / David Burnet -- Codes of conduct for journalists / Nigel G.E. Harris -- Privacy, publicity and politics / Andrew Belsey -- Honesty in investigative journalism / Jennifer Jackson -- Objectivity, bias and truth / Andrew Edgar -- Women and the press / Teresa Stratford -- The oxygen of publicity : terrorism and reporting restrictions / Paul Gilbert -- Something more important than truth : ethical issues in war reporting / Kevin Williams. 0aJournalistic ethics. 0aJournalismxPhilosophy. 0aJournalismxObjectivity. 0aPrivacy, Right of. 0aMass mediaxMoral and ethical aspects.1 aBelsey, Andrew.1 aChadwick, Ruth F. 0aProfessional ethics.